000 01148nam a2200289 a 4500
001 ebr10457048
003 CaPaEBR
006 m u
007 cr cn|||||||||
008 110418s2011 enk s 000 0 eng d
020 _z9781849513425
020 _z9781849513432 (e-book)
040 _aCaPaEBR
_cCaPaEBR
035 _a(OCoLC)712281198
050 1 4 _aTK5105.8885.J86
_bT54 2011eb
100 1 _aTiggeler, Eric.
245 1 0 _aJoomla!
_h[electronic resource] :
_b1.6 first look : a concise guide to everything that's new in Joomla! 1.6 /
_cEric Tiggeler.
260 _aOlton, Birmingham :
_bPackt Pub. Ltd.,
_c2011.
300 _av, 215 p.
533 _aElectronic reproduction.
_bPalo Alto, Calif. :
_cebrary,
_d2011.
_nAvailable via World Wide Web.
_nAccess may be limited to ebrary affiliated libraries.
630 0 0 _aJoomla! (Computer file)
650 0 _aWeb site development.
650 0 _aWeb sites
_xAuthoring programs.
655 7 _aElectronic books.
_2local
710 2 _aebrary, Inc.
856 4 0 _uhttp://site.ebrary.com/lib/rucke/Doc?id=10457048
_zAn electronic book accessible through the World Wide Web; click to view
999 _c123381
_d123381